000 00427nam a2200157 i 4500
001 25443
003 ES-MaACL
005 20230906153252.0
007 t|
008 021226s1965 sp ||||1| spa d
100 1 _aArias, José Luis.
_922750
245 1 3 _aLa cita tremenda /
_cJosé Luis Arias.
260 _aMadrid :
_bApostolado de la Prensa,
_c[1965]
300 _a271 p. ;
_c22 cm.
852 _aES-MaACL
_jC-27812
_bR.57075
999 _c25443
_d25443